Companion to Chaturvedi & Pithisaria's Income Tax Law : (Record no. 101742)

MARC details
000 -LEADER
fixed length control field 00719nam a22002177a 4500
005 - DATE AND TIME OF LATEST TRANSACTION
control field 20160802144326.0
010 ## - LCCN (DPL NO)
LC control number ENG-115621
020 ## - INTERNATIONAL STANDARD BOOK NUMBER
International Standard Book Number 9789351436805
Terms of availability 2450.00
035 ## - SYSTEM CONTROL NUMBER
System control number EN-99153
037 ## - SOURCE OF ACQUISITION
Source of stock number/acquisition DBAD/PUB
082 ## - DEWEY DECIMAL CLASSIFICATION NUMBER
Classification number 343.54052
100 ## - MAIN ENTRY--PERSONAL NAME
Personal name Chaturvedi,K.
245 ## - TITLE STATEMENT
Title Companion to Chaturvedi & Pithisaria's Income Tax Law :
Statement of responsibility, etc by K.Chaturvedi [and] S.M.Pithisaria
Remainder of title wealth tax act,1957 /
250 ## - EDITION STATEMENT
Edition statement 6th ed
260 ## - PUBLICATION, DISTRIBUTION, ETC. (IMPRINT)
Place of publication, distribution, etc Gurgaon
Name of publisher, distributor, etc Lexisnexis
Date of publication, distribution, etc 2016
270 ## - ADDRESS
Address 14th Floor, Building No. 10, Tower-B, DLF Cyber city, Phase-II
City Gurgaon
Postal code 122002
300 ## - PHYSICAL DESCRIPTION
Extent ccxI,2085,89p.
Dimensions 24cm (Hb)
500 ## - GENERAL NOTE
General note Includes index
700 ## - ADDED ENTRY--PERSONAL NAME
Personal name Pithisaria,S.M.
942 ## - ADDED ENTRY ELEMENTS (KOHA)
Source of classification or shelving scheme Dewey Decimal Classification
Item type English Books
Call number suffix CHA
Classification part 343.54052
Holdings
Withdrawn status Lost status Not for loan Collection code Home library Current library Date acquired Source of acquisition Cost, normal purchase price Full call number Barcode Copy number Cost, replacement price Koha item type
    Not For Loan Fiction D.B.Act.Division Bawana 02/08/2016 DBAD/PUB 2450.00 343.54052 CHA EN-99153 1 2450.00 English Books

© Delhi Public Library
Hit Counter
free hit counter